Systems Engineering : (Record no. 540520)
[ view plain ]
| 000 -LEADER | |
|---|---|
| fixed length control field | 00353nam a22001337a 4500 |
| 020 ## - INTERNATIONAL STANDARD BOOK NUMBER | |
| International Standard Book Number | 9789332552616 |
| 040 ## - CATALOGING SOURCE | |
| Transcribing agency | NUST |
| 082 ## - DEWEY DECIMAL CLASSIFICATION NUMBER | |
| Classification number | 658.312 |
| Author Mark | STE |
| 100 ## - MAIN ENTRY--PERSONAL NAME | |
| Personal name | Stevens, Richard & Brook,Peter |
| 9 (RLIN) | 34585 |
| 245 ## - TITLE STATEMENT | |
| Title | Systems Engineering : |
| Remainder of title | Coping with Complexity |
| 260 ## - PUBLICATION, DISTRIBUTION, ETC. | |
| Place of publication, distribution, etc. | Delhi. : |
| Name of publisher, distributor, etc. | Pearson, |
| Date of publication, distribution, etc. | 2013. |
| 300 ## - PHYSICAL DESCRIPTION | |
| Extent | 374 p .: |
| Dimensions | 23 cm. |
| 942 ## - ADDED ENTRY ELEMENTS (KOHA) | |
| Source of classification or shelving scheme | |
| Koha item type | Book |
| Withdrawn status | Lost status | Source of classification or shelving scheme | Damaged status | Not for loan | Permanent Location | Current Location | Shelving location | Date acquired | Full call number | Barcode | Date last seen | Price effective from | Koha item type |
|---|---|---|---|---|---|---|---|---|---|---|---|---|---|
| School of Mechanical & Manufacturing Engineering (SMME) | School of Mechanical & Manufacturing Engineering (SMME) | General Stacks | 10/27/2020 | 658.312 STE | SMME-3567 | 10/27/2020 | 10/27/2020 | Book |
